Central Library OPAC University of Rajshahi

Accounting principles / (Record no. 14750)

MARC details
000 -LEADER
fixed length control field 01002cam a2200313 i 4500
001 - CONTROL NUMBER
control field 14750
003 - CONTROL NUMBER IDENTIFIER
rucl marc code BD-RjUL
005 - DATE AND TIME OF LATEST TRANSACTION
control field 20211208235702.0
008 - FIXED-LENGTH DATA ELEMENTS--GENERAL INFORMATION
fixed length control field 140208s2003 ilua b 00110 eng
020 ## - INTERNATIONAL STANDARD BOOK NUMBER
International Standard Book Number 0256021473
035 ## - SYSTEM CONTROL NUMBER
System control number (BD-RjUL)
System control number (BD-RjUL)14804
040 ## - CATALOGING SOURCE
Original cataloging agency BD-RjUL
Language of cataloging eng
Transcribing agency BD-RjUL
041 ## - LANGUAGE CODE
Language code of text/sound track or separate title eng
082 0# - DEWEY DECIMAL CLASSIFICATION NUMBER
Classification number 658.1511
Author mark and year ANA 2003
100 1# - MAIN ENTRY--PERSONAL NAME
Personal name Anthony, Robert N.
Fuller form of name (Robert Newton),
Dates associated with a name 1916-2006.
9 (RLIN) 45844
245 10 - TITLE STATEMENT
Title Accounting principles /
Statement of responsibility, etc. Robert N. Anthony, James S. Reece.
250 ## - EDITION STATEMENT
Edition statement 4th ed.
260 ## - PUBLICATION, DISTRIBUTION, ETC. (IMPRINT)
Place of publication, distribution, etc. Homewood, Ill. :
Name of publisher, distributor, etc. R. D. Irwin,
Date of publication, distribution, etc. 2003.
300 ## - PHYSICAL DESCRIPTION
Pagination xvi, 678 p. :
Illustrations ill. ;
Size 24 cm.
490 0# - SERIES STATEMENT
Series statement Willard J. Graham series in accounting
500 ## - GENERAL NOTE
General note Published in 1975 under title: Management accounting principles.
504 ## - BIBLIOGRAPHY, ETC. NOTE
Bibliography, etc Includes bibliographies and index.
650 #0 - SUBJECT ADDED ENTRY--TOPICAL TERM
Topical term or geographic name as entry element Accounting.
9 (RLIN) 45954
Topical term or geographic name as entry element Managerial accounting.
9 (RLIN) 45955
700 1# - ADDED ENTRY--PERSONAL NAME
Personal name Reece, James S.
Relator term joint author.
942 ## - ADDED ENTRY ELEMENTS (KOHA)
Source of classification or shelving scheme Dewey Decimal Classification
Koha item type Books
Holdings
Lost status Source of classification or shelving scheme Damaged status Not for loan Collection code Permanent Location Current Location Shelving location Date acquired Source of acquisition Cost, normal purchase price Total Checkouts Full call number Date last seen Copy number Koha item type
  Dewey Decimal Classification     Non-fiction Central Library, University of Rajshahi Central Library, University of Rajshahi   20/05/2008 Paragon Enterprises 225.00   658.1511 ANA 2003 08/02/2014 C-6 Books